Countries: After M Quiz Stats

 Plays Quiz Updated May 19, 2017

Also try: Countries: After L
Challenge
Share
Tweet
Embed
Score 0/7 Timer 02:00
2 Plays Today
Letter after 'M' Name of Country % Correct
AGuatemala
98.8%
OMorocco
91.3%
ESuriname
87%
BCambodia
85.2%
YMyanmar
76.2%
-Vietnam
56.3%
INamibia
55.9%

You're not logged in!

Compare scores with friends on all Sporcle quizzes.
Join for Free
OR
Log In

You Might Also Like...

Show Comments

Extras

Top Quizzes Today


Score Distribution

Your Account Isn't Verified!

In order to create a playlist on Sporcle, you need to verify the email address you used during registration. Go to your Sporcle Settings to finish the process.

Report this User

Report this user for behavior that violates our Community Guidelines.

Details: